Estudios de psicología criminal
Guardat en:
| Autor principal: | |
|---|---|
| Format: | Llibre |
| Idioma: | espanyol |
| Publicat: |
Madrid
Espasa-Calpe
1960
|
| Matèries: | |
| Etiquetes: |
Afegir etiqueta
Sense etiquetes, Sigues el primer a etiquetar aquest registre!
|
MARC
| LEADER | 00000nam a2200000 a 4500 | ||
|---|---|---|---|
| 001 | UCS2778 | ||
| 003 | CL-VaPUC | ||
| 008 | 970606e19600000SP |||||||||||||||||spa|d | ||
| 082 | 0 | 4 | |a 364.24 |b HEN |2 21 |
| 100 | |a Hentig, Hans von |e author |9 388589 | ||
| 245 | 1 | 0 | |a Estudios de psicología criminal |
| 300 | |a 4 v | ||
| 942 | |c BK | ||
| 945 | |d 19970606 00:00:00 |a lriquelm | ||
| 260 | |a Madrid |b Espasa-Calpe |c 1960 | ||
| 500 | |a v.1: Hurto-robo con fuerza en las cosas, robo con violencia o intimidación | ||
| 500 | |a v.2: El asesinato | ||
| 500 | |a v.3: La estafa | ||
| 500 | |a v.4: El chantaje | ||
| 650 | 7 | |a CIENCIAS DEL COMPORTAMIENTO |2 CL-VaPUC |9 388590 | |
| 650 | 0 | |a Criminología |9 256168 | |
| 650 | 7 | |a CRIMINALES |2 CL-VaPUC |9 322996 | |
| 650 | 7 | |a DELINCUENTES |2 CL-VaPUC |9 315465 | |
| 650 | 0 | |a Delitos |9 224143 | |
| 650 | 0 | |a Hurto |9 368483 | |
| 650 | 0 | |a Robo |9 383176 | |
| 650 | 0 | |a Robo con violencia |9 368486 | |
| 650 | 7 | |a HOMICIDIO |2 CL-VaPUC |9 336529 | |
| 650 | 0 | |a Autores (Derecho penal) |9 388591 | |
| 650 | 0 | |a Estafa |9 258622 | |
| 650 | 7 | |a CHANTAJE |2 CL-VaPUC |9 388592 | |
| 583 | |a last modification |c 19970606 00:00:00 |k Rodrigo Vera | ||
| 999 | |c 260711 |d 260709 | ||
| 952 | |0 0 |1 0 |4 0 |6 364_240000000000000_HEN_1960 |7 0 |8 A |9 287003 |a BIBDER |b BIBDER |d 2019-11-19 |h v.1 |i 1864440 |o 364.24 HEN 1960 |p 1864440 |r 2023-01-25 |w 2019-11-19 |y BK |k DER | ||
| 952 | |0 0 |1 0 |4 0 |6 364_240000000000000_HEN_1960 |7 0 |8 A |9 287004 |a BIBDER |b BIBDER |d 2019-11-19 |h v.2 |i 1864459 |o 364.24 HEN 1960 |p 1864459 |r 2023-01-25 |w 2019-11-19 |y BK |k DER | ||
| 952 | |0 0 |1 0 |4 0 |6 364_240000000000000_HEN_1960 |7 0 |8 A |9 287005 |a BIBDER |b BIBDER |d 2019-11-19 |h v.3 |i 1864467 |o 364.24 HEN 1960 |p 1864467 |r 2023-01-25 |w 2019-11-19 |y BK |k DER | ||
| 952 | |0 0 |1 0 |4 0 |6 364_240000000000000_HEN_1960 |7 0 |8 A |9 287006 |a BIBDER |b BIBDER |d 2019-11-19 |h v.4 |i 1864475 |o 364.24 HEN 1960 |p 1864475 |r 2023-01-25 |w 2019-11-19 |y BK |k DER | ||